[Event "Baltija Cup"]
[Site "Palanga"]
[Date "2012.06.22"]
[Round "7"]
[White "Mikhalev, Artyom"]
[Black "Svitojus, Zygimantas"]
[Result "0-1"]
[WhiteElo "1828"]
[BlackElo "1964"]
[PlyCount "76"]
[EventDate "2012.06.19"]
[EventType "swiss"]
[EventRounds "8"]
[EventCountry "LTU"]
[SourceTitle "CBM 149 Extra"]
[Source "ChessBase"]
[SourceDate "2012.08.24"]
[SourceVersion "1"]
[SourceVersionDate "2012.08.24"]
[SourceQuality "1"]

1. d4 Nf6 2. Bg5 Ne4 3. Bh4 c5 4. Nd2 Nxd2 5. Qxd2 cxd4 6. Nf3 Nc6 7. Nxd4 g6 8. Nxc6 bxc6 9. Qd4 Rg8 10. c3 Qb6 11. Qxb6 axb6 12. e4 Bg7 13. a3 d6 14. Bc4 Ra4 15. Bd3 Be6 16. f3 Kd7 17. Bc2 Ra7 18. Rd1 c5 19. 0-0 b5 20. f4 Kc6 21. f5 gxf5 22. exf5 Bd5 23. Rfe1 Bxc3 24. Be4 Bxe4 25. Rxe4 Bxb2 26. Bxe7 Bd4+ 27. Kh1 Rxa3 28. Rh4 Re3 29. f6 Rg6 30. Rxh7 Bxf6 31. Bxd6 Bd4 32. Bf4 Re7 33. h4 b4 34. h5 Rge6 35. Rh6 b3 36. Rxe6+ Rxe6 37. Kh2 b2 38. h6 Re8 0-1

[Event "Baltija Cup"]
[Site "Palanga"]
[Date "2012.06.20"]
[Round "3"]
[White "Svitojus, Zygimantas"]
[Black "Stremavicius, Titas"]
[Result "0-1"]
[WhiteElo "1964"]
[BlackElo "2197"]
[PlyCount "100"]
[EventDate "2012.06.19"]
[EventType "swiss"]
[EventRounds "8"]
[EventCountry "LTU"]
[SourceTitle "CBM 149 Extra"]
[Source "ChessBase"]
[SourceDate "2012.08.24"]
[SourceVersion "1"]
[SourceVersionDate "2012.08.24"]
[SourceQuality "1"]

1. e4 c5 2. Nf3 Nc6 3. d4 cxd4 4. Nxd4 Nf6 5. Nc3 d6 6. Be2 g6 7. Be3 Bg7 8. 0-0 0-0 9. Nb3 a5 10. a4 Nb4 11. f4 Bd7 12. Bf3 Bc6 13. Nd5 Nd7 14. c3 Na6 15. Bd4 e6 16. Bxg7 Kxg7 17. Ne3 Nac5 18. Nxc5 Nxc5 19. Nc4 Bxe4 20. Nxd6 Bxf3 21. Rxf3 Kg8 22. Rf2 Ra6 23. Rd2 Qb6 24. Nc4 Qa7 25. Rd4 e5 26. Nxe5 Ne6 27. Nf3 Rd6 28. Qd2 Nxd4 29. Nxd4 Re8 30. h3 Rde6 31. Kh2 Re4 32. Rf1 Qb8 33. Kg1 Qd6 34. Qf2 f5 35. Qf3 Qd7 36. Qd1 R8e7 37. Qb3+ Kg7 38. Qb5 Qc7 39. Qd5 Qb6 40. Rf2 Re1+ 41. Kh2 Qc7 42. Nb5 Qb8 43. Qd4+ Kh6 44. Qd3 R7e3 45. Qd4 Qe8 46. Nd6 Qe7 47. Qd5 Ra1 48. Nxb7 Qh4 49. Rf3 Ree1 50. g3 Re2+ 0-1

[Event "Baltija Cup"]
[Site "Palanga"]
[Date "2012.06.19"]
[Round "1"]
[White "Svitojus, Zygimantas"]
[Black "Ruginiene, Ramune"]
[Result "1-0"]
[WhiteElo "1964"]
[BlackElo "1559"]
[PlyCount "81"]
[EventDate "2012.06.19"]
[EventType "swiss"]
[EventRounds "8"]
[EventCountry "LTU"]
[SourceTitle "CBM 149 Extra"]
[Source "ChessBase"]
[SourceDate "2012.08.24"]
[SourceVersion "1"]
[SourceVersionDate "2012.08.24"]
[SourceQuality "1"]

1. e4 e5 2. Nf3 Nc6 3. Bb5 Nge7 4. 0-0 d6 5. d4 Bd7 6. c3 a6 7. Ba4 h6 8. Re1 Ng6 9. Nbd2 Qf6 10. d5 Nb8 11. Nf1 Be7 12. Bxd7+ Nxd7 13. Ng3 Nh4 14. Nxh4 Qxh4 15. Nf5 Qf6 16. h3 Bf8 17. Be3 g6 18. Ng3 h5 19. Qd2 Be7 20. c4 h4 21. Ne2 g5 22. f3 Qg6 23. Nc3 Rg8 24. b4 f5 25. exf5 Qxf5 26. Ne4 b6 27. c5 bxc5 28. bxc5 Nxc5 29. Bxc5 dxc5 30. d6 Rd8 31. Qd5 Rg6 32. Qc6+ Rd7 33. Nxc5 Rgxd6 34. Qb7 Rd8 35. Ne4 R6d7 36. Qxa6 Kf7 37. Qb5 Rd5 38. Qc4 Qd7 39. Rac1 Rc8 40. Nc3 c6 41. Nxd5 1-0